University Home | Library Home | Institutional Repository

Collected evaluation reports of UNICEF assisted projects. (Record no. 27391)

MARC details
000 -LEADER
fixed length control field 00529cam5a220016900 4500
001 - CONTROL NUMBER
control field zam00008851
008 - FIXED-LENGTH DATA ELEMENTS--GENERAL INFORMATION
fixed length control field 970717n xx eng u
035 ## - SYSTEM CONTROL NUMBER
System control number (Sirsi) r138851
040 ## - CATALOGING SOURCE
Modifying agency UPRA
245 00 - TITLE STATEMENT
Title Collected evaluation reports of UNICEF assisted projects.
260 ## - PUBLICATION, DISTRIBUTION, ETC.
Place of publication, distribution, etc. Lusaka :
Name of publisher, distributor, etc. IAS,
Date of publication, distribution, etc. 1985.
520 ## - SUMMARY, ETC.
Summary, etc. Contains evaluation reports of nine UNICEF-assisted projects.
650 #4 - SUBJECT ADDED ENTRY--TOPICAL TERM
Topical term or geographic name entry element Health.
Linkage S7127.1
650 #4 - SUBJECT ADDED ENTRY--TOPICAL TERM
Topical term or geographic name entry element Zambia -- Health.
General subdivision Zambia -- Health.
Linkage S75226.1
949 10 - LOCAL PROCESSING INFORMATION (OCLC)
m INESOR
t BOOK
l ON-SHELF

No items available.

© 2026 - The University of Zambia Library - Koha v25.11